| 000 | 01971nam a2200277Ia 4500 | ||
|---|---|---|---|
| 999 |
_c37926 _d37926 |
||
| 001 | 3905 | ||
| 003 | GE_BSU | ||
| 005 | 20190821154457.0 | ||
| 008 | 181216s1983||||ge |||||||||||||| ||geo|| | ||
| 040 | _cGE_BSU | ||
| 041 | _ageo | ||
| 080 | _a1(38)+821.353.1–3+811.353.1 ა–59 | ||
| 245 |
_aამონიოს ერმისის თხზულებები ქართულ მწერლობაში : _bტ.Vl / _cტექსტი გამოსაც. მოამზადეს ნათელა კეჭაღმაძემ და მაია რაფავამ ; გამოკვლევა, ლექსიკონი და საძ. დაურთო მაია რაფავამ ; სარედ. კოლ.: ელ. მეტრეველი (მთ. რედ.) [და სხვა] ; ტომის რედ.: მ. შანიძე ; საქ. სსრ მეცნ. აკად., კ. კეკელიძის სახ. ხელნაწერთა ინ-ტი. |
||
| 264 |
_a თბ. : _bმეცნიერება, _c1983. |
||
| 300 |
_a254 გვ. _b26 სმ. |
||
| 490 |
_aძველი ქართული მწერლობის ძეგლები; _vVI |
||
| 501 | _aლექსიკონი: გვ. 176-238; საძიებლები: გვ. 239-247. | ||
| 504 | _a ბიბლიოგრ.: გვ. 248-254 | ||
| 541 | _h10ლ. | ||
| 653 | _aბერძნული ფილოსოფია | ||
| 653 | _aქართული ენის ისტორიული გრამატიკა | ||
| 700 |
_aმეტრეველი, ელ. _eრედაქტორი _93518 |
||
| 700 |
_aშანიძე, მ. _eრედაქტორი _93725 |
||
| 710 |
_aსაქ. სსრ მეცნ. აკად., კ. კეკელიძის სახ. ხელნაწერთა ინ-ტი. _93517 |
||
| 942 |
_cBK _2udc |
||